[Event "Hannover-ch U16"]
[Site "Lehrte"]
[Date "2006.10.15"]
[Round "4"]
[White "Matthes, Henning"]
[Black "Pfannenschmidt, Lennart"]
[Result "1-0"]
[WhiteElo "1141"]
[BlackElo "797"]
[PlyCount "51"]
[EventDate "2006.10.14"]
[EventType "swiss"]
[EventRounds "7"]
[EventCountry "GER"]
[SourceTitle "EXT 2021"]
[Source "ChessBase"]
[SourceDate "2020.10.23"]
[SourceVersion "1"]
[SourceVersionDate "2020.10.23"]
[SourceQuality "1"]

1. e4 e5 2. Nf3 Nc6 3. Bb5 a6 4. Bxc6 dxc6 5. d3 Bg4 6. h3 Bxf3 7. Qxf3 Qd7 8. 0-0 0-0-0 9. Nc3 Bb4 10. Bd2 Nf6 11. a3 Bxc3 12. Bxc3 h5 13. Qf5 Qxf5 14. exf5 g5 15. fxg6 fxg6 16. Bxe5 Rdf8 17. Rfe1 g5 18. g3 Rh6 19. b3 Rfh8 20. Re2 g4 21. h4 Re8 22. Rae1 Nd7 23. Bf4 Rhe6 24. Rxe6 Rxe6 25. Rxe6 c5 26. Re8# 1-0